Sổ tay tính toán thủy lực

Guardado en:
Detalles Bibliográficos
Otros Autores: Lưu Công Đào Nguyễn Tài (Dịch)
Formato: Libro
Lenguaje:Vietnamese
Publicado: H. Nông nghiệp 1984
Materias:
Etiquetas: Agregar Etiqueta
Sin Etiquetas, Sea el primero en etiquetar este registro!
Thư viện lưu trữ: Mạng thư viện Đại học Đà Nẵng
LEADER 01054nam a2200313 4500
001 000013820
003 10164
005 20120323090320.0
008 120323s1984 viesd
041 0 |a vie 
082 |a 627  |b TAY 
245 0 |a Sổ tay tính toán thủy lực  |c P.G.Kixêlep, A.D.Ansun, N.V. Danhinsenkô, A.A.Kaxapxaxôn, G.I.K.Ripsenkô, N.N.Paskôp, X.M.Xlixki... 
260 |a H.  |b Nông nghiệp  |c 1984 
300 |a 312 tr.  |c 27 cm 
653 |a Sổ tay 
653 |a Tính toán 
653 |a Thủy lực 
700 |a Lưu Công Đào  |a Nguyễn Tài  |e Dịch 
910 |a duyên 
OWN |a LSP 
AVA |a UDN50  |b LSP  |d 627 TAY  |e available  |t Error 5001 Not defined in file expand_doc_bib_avail.  |f 1  |g 0  |h N  |i 0  |k 1 
999 |a From the UDN01 
AVA |a UDN50  |b LSP  |d 627 TAY  |e available  |t Error 5001 Not defined in file expand_doc_bib_avail.  |f 1  |g 0  |h N  |i 0  |k 1 
TYP |a Monograph 
TYP |a Printed language 
980 |a Mạng thư viện Đại học Đà Nẵng